000 00426nam a2200181Ia 4500
005 20240823030942.0
008 240823s9999||||xx |||||||||||||| ||und||
041 _aENGLISH
082 _A621.37 M8
100 _aBhat
245 0 _aElectrical Measurements
250 _a1st
260 _c1988
_b"Vrinda,Jalgaon"
500 _aTransfered
650 _aElectrical Measurement
_bElectrical
942 _cBK
999 _c189917
_d189917